| 000 | 01148nab a22002417a 4500 | ||
|---|---|---|---|
| 999 |
_c5406 _d5406 |
||
| 003 | OSt | ||
| 005 | 20250312082352.0 | ||
| 008 | 190604e xxu||||| |||| 00| 0 spa d | ||
| 040 | _cPJ | ||
| 100 |
_96434 _aVillata, Ricardo A. |
||
| 245 | 1 | 0 |
_aModificaciones de la Ley Bases a la normativa nacional de procedimientos administrativos / _cRicardo A. Villata. |
| 260 |
_aCiudad Autónoma de Buenos Aires : _bThomson Reuters La Ley, _c2024. |
||
| 300 | _ap. 90-118 | ||
| 500 | _aCita Online: TR LALEY AR/DOC/1969/24. | ||
| 505 | _aSumario: I. Introducción.— II. El nuevo ordenamiento sobre procedimientos administrativos.— III. Una aclaración, una conclusión y una reflexión. | ||
| 505 | _t¿Te interesa el texto completo? Solicitalo al correo: koha@justierradelfuego.gov.ar | ||
| 650 | 0 |
_9211 _aDERECHO ADMINISTRATIVO |
|
| 650 | 0 |
_91135 _aPROCEDIMIENTO ADMINISTRATIVO |
|
| 650 | 0 |
_91171 _aACTO ADMINISTRATIVO |
|
| 650 | 0 |
_93532 _aSILENCIO DE LA ADMINISTRACIÓN |
|
| 773 | 0 |
_02714 _93171 _dCiudad Autónoma de Buenos Aires : Thomson Reuters La Ley, 2014- _tRevista anales de legislación argentina. Nº 8 - Agosto 2024. |
|
| 942 |
_2udc _cANA |
||